书目信息 |
| 题名: |
预测技术
|
|
| 作者: | 严治仁 编著 | |
| 分册: | ||
| 出版信息: | 北京 中国建筑工业出版社 1991.2 |
|
| 页数: | 89页 | |
| 开本: | 19厘米 | |
| 丛书名: | 建筑管理现代化丛书 | |
| 单 册: | ||
| 中图分类: | F407.961.1 | |
| 科图分类: | ||
| 主题词: | 建筑企业-工业企业管理-预测技术 , 预测技术-工业企业管理-建筑企业 , 工业企业管理-建筑企业-预测技术 | |
| 电子资源: | ||
| ISBN: | 7-112-01122-1 | |
| 000 | 00957nam2 2200277 45 | |
| 001 | 0191017823 | |
| 005 | 20060808174935.67 | |
| 010 | @a7-112-01122-1@dCNY2.05 | |
| 100 | @a19910729d1991 em y0chiy0121 ea | |
| 101 | 0 | @achi |
| 102 | @aCN@b110000 | |
| 105 | @ay z 000yy | |
| 200 | 10 | @a预测技术@AYU CE JI SHU@f严治仁编著@FYAN ZHI REN BIAN ZHU |
| 210 | @a北京@c中国建筑工业出版社@d1991.2 | |
| 215 | @a89页@d19厘米 | |
| 225 | 2 | @a建筑管理现代化丛书 |
| 330 | @a本书结合建筑企业的经营问题,介绍现代的主要预测技术,主要内容包括建筑企业经营预测的内容和步骤,直观预测法,时间序列预测技术,回归预测技术,马尔科夫预测技术等。 | |
| 410 | 0 | @120010@a建筑管理现代化丛书 |
| 540 | 1 | @a预测@AYU CE |
| 606 | @a建筑企业-工业企业管理-预测技术 | |
| 606 | @a预测技术-工业企业管理-建筑企业 | |
| 606 | @a工业企业管理-建筑企业-预测技术 | |
| 690 | @aF407.961.1 | |
| 701 | 0 | @a严治仁@AYAN ZHI REN@4编著 |
| 801 | 0 | @aCN@bTSSF@c20060808 |
| 905 | @a10447@dF407.961.1@e111 | |
| 预测技术/严治仁编著.-北京:中国建筑工业出版社,1991.2 |
| 89页;19厘米.-(建筑管理现代化丛书) |
| ISBN 7-112-01122-1:CNY2.05 |
| 本书结合建筑企业的经营问题,介绍现代的主要预测技术,主要内容包括建筑企业经营预测的内容和步骤,直观预测法,时间序列预测技术,回归预测技术,马尔科夫预测技术等。 |
| ● |
| 相关链接 |
|
|
|
|
正题名:预测技术
索取号:F407.961.1/111
 
预约/预借
| 序号 | 登录号 | 条形码 | 馆藏地/架位号 | 状态 | 备注 |
| 1 | 0447606 | 204476067 | 密集书库/ [索取号:F407.961.1/111] | 在馆 | |
| 2 | 0447607 | 204476076 | 密集书库/ [索取号:F407.961.1/111] | 在馆 | |
| 3 | 0447608 | 204476085 | 密集书库/ [索取号:F407.961.1/111] | 在馆 | |
| 4 | 0447609 | 204476094 | 密集书库/ [索取号:F407.961.1/111] | 在馆 |